000
00327nam a2200109Ia 4500
008
171211s9999 xx 000 0 und d
245
_a
Game Theory: Interactive Strategies in Economics and Management
245
_c
Aviad Heifetz
260
_c
2013
650
_x
Economics
856
_u
http://down.ebook777.com/064/0415684080.pdf
999
_c
348103
_d
348103